000 00293nam a2200109Ia 4500
008 200302s9999 xx 000 0 und d
100 _aFoster and Partners
245 _aInterior Spaces of The U S A Vol 4
260 _bThe Images Publishing Group Pvt., Ltd.
260 _c1999
300 _a224 P.,
999 _c2101
_d2101